000 01365nam a2200253 a 4500
999 _c447226
_d447226
003 BLK
005 20230727123632.0
008 220304b bu |||||r|||| 00| u bu d
040 _aBLK
041 _aBUL
_cBUL
080 _aЖивотновъдство (общи въпроси). Скотовъдство. Развъждане на домашни животни
_b636
_x(062)
_z636(062)
139 _bМ 51
245 _aМетаболитните нарушения и отражението им върху здравето и продуктивността на животните
_bРезюмета на докладите и съобщенията на юбилейната научна конференция
_h[Малотир. изд.]
260 _9441842
_aРусе
_bб. и.
_c1984
300 _a67 с.
_c22 см
380 _a63
500 _aРезюмета на докладите и съобщенията на юбилейната научна конференция, посветена на 40-год. от социалистическата революция в България.
650 7 _9170653
_aСелскостопански животни
653 7 _9185424
_aдомашни животни
653 7 _9190878
_aметаболизъм
852 _bК
_cК 63/М 51
942 _cKNG
_n0
_s1
_01
944 _aCR
_c2022-03-04
_k30556
_lТеодора Пейчева-Дянкова